[Event "Bohemians-B"]
[Site "Prague"]
[Date "1992.??.??"]
[Round "9"]
[White "Grabher, Heinz"]
[Black "Vavra, Pavel"]
[Result "0-1"]
[WhiteElo "2245"]
[BlackElo "2210"]

1.e4 c5 2.Nf3 Nc6 3.Nc3 Nf6 4.d4 cxd4 5.Nxd4 Qb6 6.Nb3 e6 7.Be3 Qc7 8.Bd3 Be7
9.f4 d6 10.O-O a6 11.a4 b6 12.Be2 Bb7 13.Bf3 O-O 14.Qd2 Rac8 15.Qf2 Nd7 16.Nd4 Na5
17.f5 e5 18.f6 Bxf6 19.Nf5 g6 20.Nh6+ Kh8 21.Bg4 Bg7 22.Nxf7+ Kg8 23.Be6 Rce8
24.Ng5+ Rxe6 25.Qh4 Rxf1+ 26.Rxf1 Nf8 27.Rxf8+ Bxf8 28.Nxe6 Qe7 29.Qxe7 Bxe7
30.b3 Nc6 31.Nd5 b5 32.axb5 axb5 33.Nec7 b4 34.Kf2 Kf7 35.Ke2 Bd8 36.Kd3 Nb8
37.Bd2 Nc6 38.Be1 h5 39.Bd2 g5 40.c3 bxc3 41.Bxc3 Ne7 42.Nxe7 Kxe7 43.Nd5+ Ke6
44.Ne3 g4 45.Nf5 Bxe4+ 46.Kxe4 d5+ 47.Kd3 Kxf5 48.b4 Bb6 49.Bd2 e4+ 50.Ke2 d4
51.Bh6 Ke5  0-1

[Event "ROM-ch (Women)"]
[Site "?"]
[Date "1992.??.??"]
[Round "6"]
[White "Marin Ionescu, Luiza"]
[Black "Sasu Ducsoara, Andrea"]
[Result "1-0"]
[WhiteElo "2155"]
[BlackElo "2070"]

1.e4 c5 2.Nf3 Nc6 3.Nc3 Nf6 4.Bb5 Nd4 5.e5 Nxb5 6.Nxb5 Nd5 7.Ng5 f5 8.O-O a6
9.Na3 g6 10.d4 cxd4 11.Qxd4 e6 12.Nc4 b5 13.Ne3 Bb7 14.Nh3 Rc8 15.Nxd5 Bxd5
16.Bg5 Be7 17.Bxe7 Qxe7 18.Nf4 Rc4 19.Qd2 Be4 20.c3 b4 21.Rfd1 bxc3 22.bxc3 Bc6
23.Rab1 Kf7 24.Rb4 Qc5 25.Nd3 Qd5 26.Qg5 Rxb4 27.cxb4 Rf8 28.h4 d6 29.f4 Kg7
30.Nf2 Qxa2 31.Rxd6 Qb1+ 32.Kh2 h6 33.Qe7+ Rf7 34.Qxe6  1-0

[Event "ROM-chT"]
[Site "?"]
[Date "1992.??.??"]
[Round "?"]
[White "Pavlov, Mircea"]
[Black "Biriescu, Ioan"]
[Result "1/2-1/2"]
[WhiteElo "2390"]
[BlackElo "2355"]

1.e4 c5 2.Nc3 Nc6 3.Bb5 g6 4.Bxc6 dxc6 5.d3 Bg7 6.Nge2 e5 7.Be3 b6 8.Qd2 Nf6
9.Bh6 Bxh6 10.Qxh6 Ng4 11.Qd2 Qh4 12.Ng3 O-O 13.O-O-O Qh6 14.h3 Qxd2+ 15.Rxd2 Nf6
16.Rf1  1/2-1/2

[Event "ROM-chT"]
[Site "?"]
[Date "1992.??.??"]
[Round "?"]
[White "Pavlov, Mircea"]
[Black "Dumitrache, Dragos"]
[Result "1/2-1/2"]
[WhiteElo "2390"]
[BlackElo "2375"]

1.e4 c5 2.Nc3 Nc6 3.Bb5 g6 4.Bxc6 bxc6 5.d3 Bg7 6.Nge2 d6 7.O-O Nf6 8.h3 O-O
9.Be3 Ne8 10.Qd2 Nc7 11.Bh6 Nb5 12.Bxg7 Kxg7 13.f4 Nd4 14.f5 Rb8 15.Nd1 Nxe2+
16.Qxe2 f6 17.b3 e6 18.Ne3 Rb7 19.Qg4 exf5 20.exf5 Re7 21.Rf3 d5 22.Qg3 Re5
23.Raf1 Qe7 24.fxg6 hxg6 25.Nf5+ Bxf5 26.Rxf5 Rxf5 27.Rxf5 Re8 28.Rf4 Qe1+
29.Qxe1 Rxe1+ 30.Rf1 Re2 31.Rf2  1/2-1/2

[Event "EU-ch U20"]
[Site "Sas van Gent"]
[Date "1992.??.??"]
[Round "11"]
[White "Reinderman, Dimitri"]
[Black "Barkhagen, Jonas"]
[Result "1-0"]
[WhiteElo "2410"]
[BlackElo "2405"]

1.e4 c5 2.Ne2 Nc6 3.Nbc3 g6 4.d4 cxd4 5.Nxd4 Bg7 6.Nb3 Nf6 7.Be2 O-O 8.O-O d6
9.Re1 Be6 10.Bf1 Rc8 11.Nd5 Ne5 12.a4 Bg4 13.f3 Nxd5 14.exd5 Bf5 15.c3 Nc4
16.Kh1 a6 17.Bxc4 Rxc4 18.Be3 Bd7 19.Nd2 Rc8 20.a5 Be8 21.Qe2 Qd7 22.Nc4 Qb5
23.Nb6 Qxe2 24.Rxe2 Rc7 25.c4 f5 26.Bg5 Rf7 27.Rae1 Bf8 28.Bf4 Bd7 29.h4 h6
30.g3 Rh7 31.Kg2 Kf7 32.Bd2 Ke8 33.f4 Kd8 34.Bb4 Rf7 35.Bc3 Bg7 36.Bxg7 Rxg7
37.Kf3 Be8 38.Rh2 Bf7 39.Ke3 e6 40.dxe6 Re7 41.Kd4 Rxe6 42.Rxe6 Bxe6 43.c5 Ke7
44.Rc2 g5 45.hxg5 hxg5 46.c6 bxc6 47.Rxc6 Rg6 48.Nd5+ Bxd5 49.Kxd5 gxf4 50.gxf4 Rg2
51.Rb6 Rd2+ 52.Kc6 Rc2+ 53.Kb7 d5 54.Rb4 Kd6 55.Kxa6 Kc5 56.Rb8 Rc4 57.Rb5+ Kc6
58.Rb6+ Kc5 59.Kb7 d4 60.a6 d3 61.a7 Ra4 62.Rd6  1-0

[Event "Sevilla Expo92"]
[Site "Sevilla"]
[Date "1992.??.??"]
[Round "4"]
[White "Sisniega, Marcel"]
[Black "Antunes, Antonio"]
[Result "1/2-1/2"]
[WhiteElo "2525"]
[BlackElo "2465"]

1.e4 c5 2.Nc3 Nc6 3.Nge2 g6 4.g3 Bg7 5.Bg2 e6 6.d3 Nge7 7.Be3 Nd4 8.Qd2 Rb8
9.Rb1 O-O 10.b4 cxb4 11.Bxd4 Bxd4 12.Nxd4 bxc3 13.Qxc3 Nc6 14.Nxc6 dxc6 15.O-O Qc7
16.e5 Rd8 17.Rfe1 c5 18.Re4 b6 19.Ra4 Bd7 20.Rh4 Bc6 21.Bxc6 Qxc6 22.Rbb4 Rbc8
23.Ra4 Rd4 24.Rhxd4 cxd4 25.Qxd4 Qxc2 26.Rxa7 Qc1+ 27.Kg2 Qc6+ 28.f3 h5 29.Qf4 Rc7
30.Ra4 Qc2+ 31.Kh3 Qxd3 32.Ra8+ Kh7 33.Qf6 Qf5+ 34.Qxf5 gxf5 35.Kh4 Rc2 36.h3 Rc3
37.f4 Kg7 38.Rb8 Ra3 39.Rxb6 Rxa2 40.Kxh5 Rh2 41.Kh4 Rh1 42.Rb3 Kg6 43.Rb2 Kg7
44.Rg2 Kg6 45.g4 fxg4 46.Rxg4+ Kf5 47.Kg3 Rg1+ 48.Kf3 Rf1+ 49.Ke3 Re1+ 50.Kf3 Rf1+
51.Ke3 Re1+ 52.Kf3  1/2-1/2

[Event "Sevilla op"]
[Site "Sevilla"]
[Date "1992.??.??"]
[Round "6"]
[White "Galego, Luis"]
[Black "Gulko, Boris F"]
[Result "0-1"]
[WhiteElo "2405"]
[BlackElo "2560"]

1.e4 c5 2.Ne2 Nc6 3.Nbc3 d6 4.d4 cxd4 5.Nxd4 Nf6 6.Be2 e5 7.Nb3 Be7 8.O-O O-O
9.Be3 a5 10.Nd2 Be6 11.Nc4 b5 12.Nxb5 Nxe4 13.f3 Rb8 14.fxe4 Rxb5 15.Nxd6 Rxb2
16.Qc1 Rxa2 17.Rxa2 Bxa2 18.Nf5 Be6 19.Rd1 Qc7 20.Nxe7+ Qxe7 21.c4 Rc8 22.Qa1 h6
23.c5 Qc7 24.Qa4 Nd4 25.Bxd4 exd4 26.Ra1 Qxc5 27.Qxa5 Qc2 28.Bf3 d3 29.Rd1 Bb3
30.Rd2 Qc4 31.h3 Qd4+ 32.Kh2 Qe3 33.Kg3 Bc2 34.Rf2 Re8 35.Qd2 Rxe4 36.Qxe3 Rxe3
37.Rd2 f5 38.Kf4 Re1 39.Kxf5 Re2  0-1

[Event "Sitges op"]
[Site "Sitges"]
[Date "1992.??.??"]
[Round "1"]
[White "Ubach, Marcelo"]
[Black "Bernat, Miguel"]
[Result "1-0"]
[WhiteElo "2345"]
[BlackElo "2380"]

1.e4 c5 2.Nc3 Nc6 3.Nge2 Nf6 4.d4 cxd4 5.Nxd4 d6 6.Be3 e6 7.f4 a6 8.Qf3 Qc7
9.O-O-O Be7 10.g4 Nd7 11.g5 b5 12.Bd3 b4 13.Nce2 Nc5 14.Kb1 Bb7 15.Rhe1 O-O-O
16.Nxc6 Qxc6 17.Nd4 Qc7 18.f5 Kb8 19.f6 gxf6 20.gxf6 Bf8 21.Nb3 Nd7 22.Qf1 a5
23.Ba6 a4 24.Nc1 Rc8 25.Rd2 Ne5 26.Bxb7 Qxb7 27.Rd4 Nc6 28.Rc4 d5 29.exd5 exd5
30.Rh4 Bd6 31.Bf4 Bxf4 32.Qxf4+ Qc7 33.Qf5 Qa5 34.Nd3 Rce8 35.Rxe8+ Rxe8
36.Qd7 Rg8 37.Qxc6 Rg1+ 38.Nc1 b3 39.cxb3 axb3 40.axb3 d4 41.Rxd4 Qf5+ 42.Ka2 Qa5+
43.Ra4 Rxc1 44.Qxc1 Qxa4+ 45.bxa4  1-0

[Event "Sitges op"]
[Site "Sitges"]
[Date "1992.??.??"]
[Round "3"]
[White "Ayas, Antonio"]
[Black "Hamdouchi, Hichem"]
[Result "1-0"]
[WhiteElo "2260"]
[BlackElo "2435"]

1.e4 c5 2.Nf3 Nc6 3.Nc3 g6 4.Bb5 Bg7 5.O-O Nd4 6.Re1 a6 7.Bf1 d6 8.Nxd4 cxd4
9.Ne2 e5 10.c3 dxc3 11.bxc3 Nf6 12.Ba3 O-O 13.Ng3 Qc7 14.Qb3 Be6 15.Qb2 Rfe8
16.c4 Nd7 17.Rec1 Nc5 18.Rab1 Rab8 19.Qb6 Qe7 20.Re1 Red8 21.d4 exd4 22.e5 Bf8
23.Rbd1 d3 24.Bxd3 Qg5 25.Bc1 Qh4 26.Ne4 Nxe4 27.Rxe4 Qh5 28.Be2 Qf5 29.Re3 Qc2
30.Qb3 Qf5 31.Qb6 Bh6 32.Rf3 Qxe5 33.Bxh6 Qxe2 34.Rfd3 Bxc4 35.Qd4 f6 36.Qxc4+ d5
37.Qc7 g5 38.Qg7+  1-0

[Event "SLO-ch (Women)"]
[Site "?"]
[Date "1992.??.??"]
[Round "?"]
[White "Pongrac, Alojzija"]
[Black "Tkalec Belosevic, Karoli"]
[Result "1/2-1/2"]
[WhiteElo "2150"]
[BlackElo "1700"]

1.e4 c5 2.Nc3 Nc6 3.Nf3 e6 4.a3 a6 5.Bc4 b5 6.Be2 Nd4 7.d3 Bb7 8.Be3 Qb6
9.O-O Ne7 10.Na2 Ng6 11.c3 Nxe2+ 12.Qxe2 Be7 13.Nd2 d5 14.exd5 Bxd5 15.c4 Bb7
16.b4 O-O 17.f3 Qc7 18.Ne4 bxc4 19.dxc4 Bxe4 20.fxe4 Qe5 21.Bf2 Rfd8 22.Rad1 Qg5
23.Be3 Qe5 24.Qf3 f6 25.bxc5 Bxc5 26.Nb4 Qc7 27.Rxd8+ Rxd8 28.Rc1 Ne5 29.Qh3 Qb6
30.Bxc5 Qxc5+ 31.Kf1 a5 32.Qxe6+ Kh8 33.Nd5 Qxa3  1/2-1/2

[Event "SLO-ch"]
[Site "?"]
[Date "1992.??.??"]
[Round "?"]
[White "Srebrnic, Vojko"]
[Black "Riegler, Primoz"]
[Result "1/2-1/2"]
[WhiteElo "2230"]
[BlackElo "2245"]

1.e4 c5 2.Nc3 Nc6 3.Bb5 Nd4 4.Bc4 g6 5.Nge2 Bg7 6.d3 e6 7.Nxd4 cxd4 8.Ne2 Ne7
9.O-O O-O 10.Bg5 h6 11.Bd2 d5 12.Bb3 b6 13.f3 Qd6 14.Bf4 e5 15.Bg3 dxe4 16.fxe4 Be6
17.Nc1 Rac8 18.a4 a5 19.Bxe6 Qxe6 20.Nb3 Qc6 21.Nd2 f5 22.Re1 f4 23.Bf2 Qxc2
24.Nc4 Qxd1 25.Rexd1 Rc6 26.Be1 Ra8 27.b4 axb4 28.Bxb4 Nc8 29.Rdb1 Kf7 30.Kf2 Ke6
31.Kf3 Bf6 32.g3 g5 33.h4 fxg3 34.hxg5 Bxg5 35.Kxg3 Ra7 36.Be1 Ra6 37.Rb5 Bf4+
38.Kg4 Nd6 39.Nxd6 Rxd6 40.a5 bxa5 41.Raxa5 Rxa5 42.Bxa5 Kf7 43.Rb6 Rg6+
44.Rxg6 Kxg6 45.Bd8 Bg5 46.Bc7 h5+ 47.Kf3 Bf4 48.Bd8 Kf7 49.Bh4 Ke6 50.Bf2 Bg5
51.Bg3 Kd6 52.Bh2 Bf6 53.Ke2 Kc5 54.Kd1 Kb4 55.Kc2 Ka3 56.Kd1 Kb3 57.Kd2 h4
58.Kd1 Kc3 59.Ke2 Kc2 60.Bg1 Bg5 61.Bh2 Bf4 62.Bxf4 exf4 63.Kf2 h3 64.e5 h2
65.Kg2 f3+ 66.Kxh2 Kd2 67.Kg3 Ke2 68.e6 f2 69.e7 f1=Q 70.e8=Q+ Kd2 71.Qa4 Qxd3+
72.Kf2 Qf5+ 73.Kg3 Ke3 74.Qa7 Qf4+ 75.Kg2 Qg4+ 76.Kf1 Qe4 77.Kg1 Qg4+ 78.Kh2 Kf2
79.Qa2+ Qe2 80.Qf7+ Ke1+ 81.Kg1 Qg4+ 82.Kh2 d3 83.Kh1 Qe4+ 84.Kg1 Qe3+ 85.Kg2 Qe2+
86.Kg1 d2 87.Qf4 Qd3 88.Qh4+ Ke2 89.Qh2+ Kd1 90.Qf4 Qg6+ 91.Kf2 Qb6+ 92.Kf1 Qb5+
93.Kf2 Kc2 94.Qc7+ Kd1 95.Qf4 Qe2+ 96.Kg1 Kc2 97.Qa4+ Kd3 98.Qb5+ Ke3  1/2-1/2

[Event "SLO-ch"]
[Site "?"]
[Date "1992.??.??"]
[Round "?"]
[White "Grosar, Aljosa"]
[Black "Mikac, Matjaz"]
[Result "1/2-1/2"]
[WhiteElo "2415"]
[BlackElo "2425"]

1.e4 c5 2.Nf3 Nc6 3.Nc3 g6 4.d4 cxd4 5.Nxd4 Bg7 6.Be3 Nf6 7.Be2 O-O 8.f4 d6
9.O-O Qb6 10.Qd3 Bg4 11.Ne6 Qxb2 12.Rab1 Bxe2 13.Nxe2 Qxa2 14.Nxf8 Rxf8 15.Rxb7 Qe6
16.Rc7 Nb4 17.Qb3 Nfd5 18.exd5 Nxd5 19.Rxa7 Qxe3+ 20.Qxe3 Nxe3 21.Rf3 Nf5
22.Rfa3  1/2-1/2

[Event "SLO-ch"]
[Site "?"]
[Date "1992.??.??"]
[Round "?"]
[White "Srebrnic, Vojko"]
[Black "Osterman, Rudolf"]
[Result "0-1"]
[WhiteElo "2230"]
[BlackElo "2370"]

1.e4 c5 2.Nc3 Nc6 3.Bb5 e6 4.Bxc6 dxc6 5.Nf3 Qc7 6.e5 Ne7 7.O-O Ng6 8.Re1 Be7
9.d3 O-O 10.Qe2 Bd7 11.Bg5 f6 12.Bd2 Rf7 13.Rf1 fxe5 14.Rae1 Rf5 15.Qe4 Raf8
16.Ne2 Kh8 17.Ng3 Rxf3 18.gxf3 Nh4 19.f4 exf4 20.Nh5 Bd6 21.Bc3 e5 22.f3 Bf5
23.Qe2 Qf7 24.Nxg7 Qxg7+ 25.Kh1 Ng6 26.Rg1 Qf6 27.Qg2 Be6 28.b3 Bd5 29.Qe2 Nh4
30.Ref1 Qf5 31.Be1 Qh5 32.Bxh4 Qxh4 33.Rg2 Qh5 34.Qf2 b6 35.c4 Bf7 36.Rfg1 Bg6
37.Rg5 Qh3 38.Qe2 Bc7 39.R1g4 Bh5 40.Rxe5 Bxg4  0-1

[Event "SLO-chT"]
[Site "SLO"]
[Date "1992.??.??"]
[Round "?"]
[White "Srebrnic, Vojko"]
[Black "Kastelic, Marjan"]
[Result "1/2-1/2"]
[WhiteElo "2225"]
[BlackElo "2150"]

1.e4 c5 2.Nc3 Nc6 3.Bb5 g6 4.Bxc6 dxc6 5.d3 Bg7 6.Nge2 Nf6 7.Be3 b6 8.h3 O-O
9.Qd2 a5 10.Bh6 Nh5 11.Bxg7 Nxg7 12.Ng3 Ba6 13.O-O e5 14.Qe3 c4 15.dxc4 Bxc4
16.Rfd1 Qc7 17.b3 Ba6 18.Na4 Rab8 19.Rd2 Ne6 20.Rad1 Bc8 21.Ne2 Re8 22.c4 Re7
23.Qh6 Bb7 24.Nac3 Rbe8 25.Qe3 Nc5 26.Nc1 Ne6 27.Nd3 Rd8 28.Ne1 Nd4 29.Ne2 c5
30.Nc3 Rf8 31.Nd5 Bxd5 32.cxd5 f5 33.f3 f4 34.Qf2 g5 35.Nc2 h5 36.Nxd4 exd4
37.Qf1 g4 38.Kf2 Qd7 39.Ke1 Qxd5 40.Rc1 Qg5 41.hxg4 hxg4 42.Kd1 Rh7 43.Kc2 Rh2
44.Rcd1 Qh5 45.Qc4+ Qf7 46.Kd3 Kg7 47.Qa6 Qe6 48.Kc2 Kf6 49.Kb2 Rg8 50.Qb7 gxf3
51.gxf3 Rgg2 52.Rxg2 Rxg2+ 53.Kb1 a4 54.Qb8 axb3 55.Qxf4+ Kg6 56.Rh1 bxa2+
57.Ka1 Rg5 58.Qc7 Rh5  1/2-1/2

[Event "SLO-chT"]
[Site "SLO"]
[Date "1992.??.??"]
[Round "?"]
[White "Jansa, Andrej"]
[Black "Kerma, Simon"]
[Result "0-1"]
[WhiteElo "2000"]
[BlackElo "2000"]

1.e4 c5 2.Nc3 Nc6 3.Nf3 d6 4.d4 cxd4 5.Nxd4 g6 6.Be3 Bg7 7.Bc4 Nf6 8.Nxc6 bxc6
9.Bd4 e5 10.Be3 O-O 11.O-O Ng4 12.Bd2 h6 13.h3 Nf6 14.Kh2 d5 15.Bd3 Nh5 16.Qc1 g5
17.Ne2 f5 18.exd5 e4 19.Bxe4 fxe4 20.dxc6 Ba6 21.c4 Qd6+ 22.Kg1 Qxc6 23.g4 e3
24.Bb4 Bb7 25.f3 Rxf3 26.Nd4 Rg3+  0-1

[Event "BUL-ch sf"]
[Site "Sofia"]
[Date "1992.??.??"]
[Round "2"]
[White "Simeonov, Stefan"]
[Black "Kolev, Atanas"]
[Result "0-1"]
[WhiteElo "2320"]
[BlackElo "2445"]

1.e4 c5 2.Nf3 Nc6 3.Nc3 g6 4.d4 cxd4 5.Nxd4 Bg7 6.Be3 Nf6 7.f3 O-O 8.Qd2 d5
9.Nxc6 bxc6 10.e5 Nd7 11.f4 e6 12.Na4 Nxe5 13.Bc5 Re8 14.fxe5 Qh4+ 15.Qf2 Qxa4
16.Bd4 Qb4+ 17.c3 Qb8 18.Qe3 Qxb2 19.Rd1 Qxa2 20.Be2 Ba6 21.Rd2 Qa1+ 22.Rd1 Qa5
23.Bxa6 Qxa6 24.Rd3 Rac8 25.Bc5 Bxe5 26.O-O Bg7 27.Rdd1 Qc4 28.Ra1 a6 29.Rfb1 Rb8
30.Rxb8 Rxb8 31.Bd6 Rb7  0-1

[Event "St Petersburg op"]
[Site "St Petersburg"]
[Date "1992.??.??"]
[Round "?"]
[White "Galdunts, Sergey"]
[Black "Nikolaev, Sergej"]
[Result "1/2-1/2"]
[WhiteElo "2465"]
[BlackElo "2425"]

1.e4 c5 2.Nc3 Nc6 3.Nge2 d6 4.d4 cxd4 5.Nxd4 e6 6.Bc4 Nf6 7.O-O a6 8.a4 Be7
9.Be3 O-O 10.Kh1 Qc7 11.Ba2 b6 12.f4 Bb7 13.Qe1 Nxd4 14.Bxd4 e5 15.fxe5 dxe5
16.Qg3 Nd7 17.Nd5 Bxd5 18.Bxd5 Rac8 19.Bc3 b5 20.axb5 axb5 21.Ra6 b4 22.Rc6 Qd8
23.Rxc8 Qxc8 24.Bxe5 Nxe5 25.Qxe5 Bf6 26.Qf4 Qe8 27.Qd6 Qb5 28.Rf2 Qa4 29.Rf1 Qxc2
30.Qxb4  1/2-1/2

[Event "St Petersburg op"]
[Site "St Petersburg"]
[Date "1992.??.??"]
[Round "?"]
[White "Galdunts, Sergey"]
[Black "Bistrikova, Elena V"]
[Result "1-0"]
[WhiteElo "2465"]
[BlackElo "2115"]

1.e4 c5 2.Nc3 Nc6 3.Nge2 Nf6 4.d4 cxd4 5.Nxd4 d6 6.Bc4 e5 7.Nf3 Be6 8.Bb3 Be7
9.Bg5 O-O 10.Qd2 Na5 11.Bxf6 Bxf6 12.Nd5 Rc8 13.Nxf6+ gxf6 14.O-O Nc4 15.Bxc4 Rxc4
16.Rfe1 d5 17.Rad1 d4 18.c3 Bg4 19.Qd3 Bxf3 20.Qxf3 Qb6 21.Rd3 Rfc8 22.Qh3 Qxb2
23.cxd4 Rc1 24.Rdd1 exd4 25.e5 fxe5 26.Qg3+ Kf8 27.Qxe5  1-0

[Event "Stare Mesto"]
[Site "Stare Mesto"]
[Date "1992.??.??"]
[Round "3"]
[White "Gipslis, Aivars"]
[Black "Babula, Vlastimil"]
[Result "1-0"]
[WhiteElo "2465"]
[BlackElo "2380"]

1.e4 c5 2.Nf3 Nc6 3.Nc3 d6 4.d4 cxd4 5.Nxd4 e5 6.Nf3 Be7 7.Bc4 Be6 8.Bb3 Nf6
9.Bg5 Ng4 10.Qd2 Bxg5 11.Nxg5 Bxb3 12.axb3 Nd4 13.Nf3 Ne6 14.h3 Nf6 15.O-O-O Ke7
16.Nh4 g6 17.Rhe1 Rc8 18.Re3 Qb6 19.g3 Rhd8 20.Nd5+ Nxd5 21.exd5 Nc5 22.Kb1 Kf8
23.f4 Nd7 24.f5 g5 25.Nf3 h6 26.Ree1 f6 27.h4 Kf7 28.hxg5 hxg5 29.Nxg5+ fxg5
30.Qxg5 Rf8 31.g4 Qf2 32.Rh1 Qxc2+ 33.Ka2 Nf6 34.Rc1 Qe2 35.Rh7+  1-0

[Event "Stare Mesto"]
[Site "Stare Mesto"]
[Date "1992.??.??"]
[Round "8"]
[White "Gipslis, Aivars"]
[Black "Lanc, Alois"]
[Result "1-0"]
[WhiteElo "2465"]
[BlackElo "2460"]

1.e4 c5 2.Nf3 Nc6 3.Nc3 d6 4.d4 cxd4 5.Nxd4 Nf6 6.Be3 e6 7.f4 Be7 8.Qf3 O-O
9.O-O-O Bd7 10.Rg1 Nxd4 11.Bxd4 Bc6 12.g4 d5 13.e5 Ne4 14.Bd3 Nxc3 15.Bxc3 Qb6
16.Bd4 Bc5 17.Qh3 g6 18.Bxc5 Qxc5 19.f5 Rfc8 20.f6 a6 21.Rg3 Qf8 22.Qh4 Kh8
23.Rh3 Qg8 24.Qg5 Bb5 25.Rh6 Rc5 26.Bxb5 axb5 27.Rd3 Rxa2 28.Rdh3 Ra1+ 29.Kd2 Rxc2+
30.Kxc2 Qc8+ 31.Rc3  1-0

[Event "SWZ-GP Suhr"]
[Site "Suhr"]
[Date "1992.??.??"]
[Round "4"]
[White "Kamber, Bruno"]
[Black "Bhend, Edwin"]
[Result "1-0"]
[WhiteElo "2290"]
[BlackElo "2280"]

1.e4 c5 2.Nc3 Nc6 3.Bb5 e6 4.Bxc6 bxc6 5.d3 e5 6.Nge2 d6 7.O-O Nf6 8.f4 exf4
9.Nxf4 Be7 10.h3 O-O 11.Be3 Nd7 12.Qd2 Ne5 13.Rad1 g6 14.b3 Bf6 15.Kh1 Bg7
16.Nfe2 Re8 17.Bh6 Bh8 18.Rde1 Rb8 19.Bf4 Rb7 20.Rf2 Bg7 21.Ref1 h6 22.Be3 Kh7
23.Nd1 Rd7 24.Bf4 Ree7 25.Ne3 Rb7 26.Bg3 Rec7 27.Bh2 Be6 28.Nf4 Bc8 29.Ne2 Be6
30.Ng1 Rd7 31.c3 d5 32.exd5 cxd5 33.d4 cxd4 34.cxd4 Nc6 35.Nf3 Qb6 36.Rd1 Rd8
37.Re2 Rc8 38.Ne5 Ne7 39.Rf2 Nf5 40.Nxf5 Bxf5 41.Qf4 Be4 42.h4 f5 43.Qd2 Qd8
44.Rc1 Rxc1+ 45.Qxc1 Qxh4 46.Kg1 Qd8 47.Qc6 Rb6 48.Qc5 Bf8 49.Qa5 Qe7 50.Bf4 Bg7
51.Bc1 Qb7 52.Ba3 Re6 53.Bc5 a6 54.Qd8 g5 55.b4 g4 56.a4 g3 57.Rf4 Bf6 58.Qf8 Bg5
59.Rxf5 Be3+ 60.Kh1 Rxe5 61.Rf7+ Kg6 62.Qg8+  1-0

[Event "SWZ-GP Suhr"]
[Site "Suhr"]
[Date "1992.??.??"]
[Round "8"]
[White "Kamber, Bruno"]
[Black "Csom, Istvan"]
[Result "1/2-1/2"]
[WhiteElo "2290"]
[BlackElo "2490"]

1.e4 c5 2.Nc3 Nc6 3.Bb5 g6 4.Bxc6 bxc6 5.d3 Bg7 6.Nge2 d6 7.O-O Nf6 8.h3 Nd7
9.Be3 O-O 10.Qd2 e5 11.f4 exf4 12.Bxf4 Qe7 13.Bh6 Ne5 14.Bxg7 Kxg7 15.Rae1 f6
16.Rf2 Rb8 17.b3 Rb7 18.Ref1 Qd8 19.Nd1 Re7 20.Kh1 a5 21.Ne3 Ra7 22.Qc3 Be6
23.a4 Qb6 24.Nf4 Bg8 25.Qd2 Re7 26.Nh5+ gxh5 27.Nf5+ Kf7 28.Qh6 Re6 29.Nxd6+ Ke7
30.Nf5+ Kf7 31.Nd6+ Ke7 32.Nf5+ Kf7 33.Nd6+  1/2-1/2

[Event "Tampere"]
[Site "Tampere"]
[Date "1992.??.??"]
[Round "5"]
[White "Rantanen, Yrjo A"]
[Black "Manninen, Marko"]
[Result "1-0"]
[WhiteElo "2410"]
[BlackElo "2450"]

1.e4 c5 2.Nc3 Nc6 3.Nge2 Nf6 4.g3 d5 5.exd5 Nxd5 6.Bg2 Be6 7.O-O Qd7 8.Ne4 b6
9.d4 c4 10.b3 Nc7 11.c3 Bd5 12.Nf4 Na5 13.Re1 e6 14.Nxd5 Nxd5 15.Nd2 Rc8
16.bxc4 Nxc3 17.Qh5 Be7 18.d5 O-O 19.Bh3 Kh8 20.Nf3 Qe8 21.Bb2 Na4 22.Ng5 Bxg5
23.Bxg7+ Kxg7 24.Qxg5+ Kh8 25.Qf6+ Kg8 26.Re5 h6 27.Qxh6 f5 28.Rxe6 Qd7 29.Rg6+  1-0

[Event "Tashkent"]
[Site "Tashkent"]
[Date "1992.??.??"]
[Round "?"]
[White "Blodstein, Arkady"]
[Black "Zagrebelny, Sergey"]
[Result "1-0"]
[WhiteElo "2375"]
[BlackElo "2440"]

1.e4 c5 2.Nc3 Nc6 3.Nge2 d6 4.d4 cxd4 5.Nxd4 e6 6.g4 Nxd4 7.Qxd4 Ne7 8.Be3 Nc6
9.Qd2 a6 10.O-O-O Be7 11.Kb1 O-O 12.g5 b5 13.h4 b4 14.Na4 Rb8 15.f4 Qa5 16.b3 d5
17.Qf2 dxe4 18.Bb6 Qf5 19.Bh3 Qb5 20.Bf1 Qf5 21.Bh3 Qb5 22.Rhe1 f6 23.Bf1 Qf5
24.Bg2 fxg5 25.Bxe4 Qxf4 26.Qg2 Ne5 27.Bc7 Rb5 28.Bc6 Qg4 29.Bxe5 Qxg2 30.Bxg2 gxh4
31.Bc6 Rxe5 32.Rxe5 Bf6 33.Ree1 e5 34.Nb6 Bg4 35.Nd7 Bxd7 36.Rxd7 h5 37.Bd5+ Kh8
38.Bf3 e4 39.Bxh5 Kh7 40.Rxe4 Kh6 41.Re8 Rxe8 42.Bxe8 Kg5 43.Rd3 Kf4 44.Bd7 g5
45.Rd6 Bc3 46.Rxa6 g4 47.a3 g3 48.axb4 Be1 49.Rg6 Kf3 50.b5  1-0

[Event "Tashkent"]
[Site "Tashkent"]
[Date "1992.??.??"]
[Round "?"]
[White "Saltaev, Mihail"]
[Black "Nadyrhanov, S."]
[Result "0-1"]
[WhiteElo "2465"]
[BlackElo "2445"]

1.e4 c5 2.Nf3 Nc6 3.Nc3 g6 4.d4 cxd4 5.Nxd4 Bg7 6.Nde2 Nf6 7.g3 d5 8.exd5 Nb4
9.Bg2 Bf5 10.O-O Nxc2 11.Rb1 O-O 12.b4 Rc8 13.Rb3 Nd7 14.h3 h5 15.Bg5 Nf6
16.Qd2 Rc4 17.Rb2 Nh7 18.g4 hxg4 19.hxg4 Rxg4 20.Bf4 Na3 21.Rb3 Nc4 22.Qc1 Ne5
23.Qe3 Nd3 24.Bg3 Rxb4 25.Rxb4 Nxb4 26.Qxa7 Qc8 27.Qe3 Qc4 28.Rd1 Nxa2 29.Nxa2 Qxa2
30.Qxe7 Qa4 31.Rd2 Re8 32.Qxb7 Qa1+ 33.Kh2 Qe1 34.Ra2 Rxe2 35.Ra7 Ng5 36.d6 Rxf2
37.d7 Bxd7 38.Qb8+ Kh7  0-1

[Event "Tel Aviv-B"]
[Site "Tel Aviv"]
[Date "1992.??.??"]
[Round "1"]
[White "Gruenfeld, Yehuda"]
[Black "Kaspi, Alexander"]
[Result "1-0"]
[WhiteElo "2510"]
[BlackElo "2380"]

1.e4 c5 2.Nc3 Nc6 3.Nge2 e5 4.Nd5 g6 5.Nec3 Nf6 6.Bc4 Nxd5 7.Nxd5 Bg7 8.c3 d6
9.d3 Rb8 10.a3 h6 11.Be3 O-O 12.b4 b6 13.Qa4 Bb7 14.O-O Ra8 15.Qb3 Kh7 16.Rad1 Bc8
17.Bc1 Bd7 18.Qb1 Rb8 19.Ba2 a5 20.bxa5 bxa5 21.Qc2 Ne7 22.Be3 Nxd5 23.Bxd5 Qc7
24.Qa2 f5 25.f3 Rb6 26.d4 exd4 27.cxd4 Rfb8 28.exf5 Bxf5 29.dxc5 dxc5 30.Qc4 Rc8
31.Rfe1 Rb2 32.Be6 Bxe6 33.Qxe6 Rb6 34.Qh3 Rd8 35.f4 Rxd1 36.Rxd1 Rd6 37.Rc1 c4
38.f5 c3 39.Rf1 Qc6 40.Qg4 gxf5 41.Qxf5+ Rg6 42.g3 Qe6  1-0

[Event "Morava-ch U20"]
[Site "Valtice"]
[Date "1992.??.??"]
[Round "5"]
[White "Belunek, Vladimir"]
[Black "Jurasek, Miroslav"]
[Result "1-0"]
[WhiteElo "2005"]
[BlackElo "1965"]

1.e4 c5 2.Nf3 Nc6 3.Nc3 e5 4.Nd5 d6 5.c3 Nf6 6.Nxf6+ Qxf6 7.d3 h6 8.Be2 g5
9.h4 g4 10.Nd2 h5 11.Nf1 Qg6 12.f4 f5 13.Ng3 Bh6 14.exf5 Bxf5 15.fxe5 Bxc1
16.Rxc1 Nxe5 17.Nxf5 Qxf5 18.d4 Nc6 19.Rf1 Qe4 20.Qd3 Qxd3 21.Bxd3 O-O-O
22.Bb5 Ne7 23.Rf7 Ng6 24.g3 Rhf8 25.Rg7 Rf6 26.Rc2 Nf8 27.Rf2 Rxf2 28.Kxf2 cxd4
29.cxd4 Ne6 30.Rh7 Nxd4 31.Rxh5 Rf8+ 32.Kg2 Rf7 33.Bc4 Re7 34.Rg5 Nc2 35.Bb3 Ne1+
36.Kf1 Nf3 37.Rg8+ Kc7 38.Kf2 Ne5 39.Ke3 b5 40.Kf4 a5 41.h5 a4 42.Bc2 Rf7+
43.Bf5 Nd7 44.Kg5 Nf6  1-0

[Event "SWE-ch op"]
[Site "Vaxjo"]
[Date "1992.??.??"]
[Round "?"]
[White "Lukez, Franko"]
[Black "Olsson, Krister"]
[Result "1-0"]
[WhiteElo "2320"]
[BlackElo "2325"]

1.e4 c5 2.Nf3 Nc6 3.Nc3 Nf6 4.Bb5 Nd4 5.e5 Nxb5 6.Nxb5 Nd5 7.Ng5 e6 8.Ne4 f6
9.Qh5+ g6 10.Qh4 Kf7 11.Nbd6+ Bxd6 12.Nxd6+ Kg7 13.d3 Rf8 14.Bh6+ Kg8 15.Bxf8 Qxf8
16.Nxc8 Rxc8 17.exf6 Nxf6 18.O-O Nd5 19.Qe4 Qd6 20.g3 Rf8 21.Rad1 Qb6 22.c4 Nf6
23.Qe5 Ng4 24.Qg5 Nf6 25.b3 d6 26.Qe3 e5 27.f4 Re8 28.fxe5 Ng4 29.Qe4 Nxe5
30.d4 cxd4 31.Qxd4 Nf3+ 32.Rxf3 Re1+ 33.Kg2  1-0

[Event "Werfen op"]
[Site "Werfen"]
[Date "1992.??.??"]
[Round "9"]
[White "Kosanski, Stanko"]
[Black "Ikonnikov, Vyacheslav"]
[Result "0-1"]
[WhiteElo "2385"]
[BlackElo "2505"]

1.e4 c5 2.Nf3 Nc6 3.Nc3 e6 4.g3 Nf6 5.Bg2 d5 6.d3 Be7 7.O-O d4 8.Ne2 O-O
9.c3 e5 10.cxd4 cxd4 11.Bg5 Be6 12.a3 Nd7 13.Bxe7 Qxe7 14.Nd2 Nc5 15.b4 Nd7
16.f4 f6 17.Nf3 Rac8 18.Qd2 b6 19.fxe5 fxe5 20.Ng5 a5 21.Nxe6 Qxe6 22.Rxf8+ Rxf8
23.Rc1 Rf6 24.Qb2 h6 25.Kh1 axb4 26.axb4 Kh7 27.Ng1 Qd6 28.Bh3 Nxb4  0-1

[Event "Zalakaros op rap"]
[Site "Zalakaros"]
[Date "1992.??.??"]
[Round "5"]
[White "Sjoberg, Mats"]
[Black "Csiszar, Csaba"]
[Result "0-1"]
[WhiteElo "2470"]
[BlackElo "2235"]

1.e4 c5 2.Ne2 Nc6 3.Nbc3 Nf6 4.d4 cxd4 5.Nxd4 e5 6.Ndb5 d6 7.Bg5 a6 8.Na3 b5
9.Nd5 Be7 10.Bxf6 Bxf6 11.g3 Ne7 12.Bg2 Nxd5 13.exd5 O-O 14.O-O g6 15.c3 Bd7
16.Nc2 a5 17.Kh1 Rb8 18.Ne3 Bg7 19.Qd2 Qb6 20.Rac1 Rbc8 21.Rfe1 f5 22.f4 e4
23.Bf1 Rc7 24.a4 bxa4 25.Nc4 Qc5 26.Qe3 Qxd5 27.Rcd1 Qc5 28.Nb6 Qxe3 29.Rxe3 Rb8
30.Rxd6 Be8 31.Bc4+ Kh8 32.Bd5 a3 33.bxa3 Rxc3 34.Rxc3 Bxc3 35.g4 e3 36.Bf3 fxg4
37.Bxg4 Bb5 38.Nd5 Bd2 39.Nf6 Rf8  0-1

[Event "Zalakaros op rap"]
[Site "Zalakaros"]
[Date "1992.??.??"]
[Round "6"]
[White "Horvath, Gyula"]
[Black "Vaulin, Alexander"]
[Result "0-1"]
[WhiteElo "2420"]
[BlackElo "2515"]

1.e4 c5 2.Nc3 Nc6 3.Nge2 e6 4.d4 d5 5.exd5 exd5 6.Be3 c4 7.g3 Bb4 8.Bg2 Nge7
9.a3 Ba5 10.b4 cxb3 11.cxb3 O-O 12.b4 Bb6 13.Nf4 Be6 14.O-O Qd7 15.Na4 Nf5
16.Nc5 Bxc5 17.bxc5 Na5 18.Rb1 b6 19.cxb6 axb6 20.Rxb6 Nc4 21.Rb3 Nxa3 22.Nd3 Nc4
23.Bf4 Qe7 24.Nb4 Qd7 25.Nd3 Qd8 26.Nc5 Qf6 27.Be3 h6 28.Rc3 Ra2 29.Qd3 Rb8
30.Rb3 Rba8 31.Qc3 Nfxe3 32.fxe3 Rxg2+ 33.Kxg2 Bh3+ 34.Kxh3 Qxf1+ 35.Kh4 g5+
36.Kg4 Qe2+ 37.Kh3 Qh5+  0-1